header

A patent system for the 21st century (Record no. 41659)

MARC details
000 -LEADER
fixed length control field 01795nam a2200349Ia 4500
245 02 - TITLE STATEMENT
Title A patent system for the 21st century
260 ## - PUBLICATION, DISTRIBUTION, ETC. (IMPRINT)
Place of publication Washington, D.C. :
Name of publisher National Academies Press,
Year of publication c2004.
300 ## - PHYSICAL DESCRIPTION
Number of Pages xiv, 171 p. :
Other physical details ill.
505 0# - FORMATTED CONTENTS NOTE
Formatted contents note Six reasons to pay attention to the patent system -- Seven criteria for evaluating the patent system -- Seven recommendations for a 21st-century patent system.
650 #0 - SUBJECT ADDED ENTRY--TOPICAL TERM
Topical Term Patents
Topical Term Patent practice
Topical Term Technological innovations
Topical Term Intellectual property
Topical Term Patents
700 1# - ADDED ENTRY--PERSONAL NAME
Personal name Merrill, Stephen A.
Personal name Levin, Richard C.
Personal name Myers, Mark B.
856 40 - ELECTRONIC LOCATION AND ACCESS
Uniform Resource Identifier http://site.ebrary.com/lib/rucke/Doc?id=10068517

No items available.

© 2026 Rongo University
Contact us: librarian | system librarian | Rongo university